Kritérium pravdivého a věrného zobrazení v účetnictví tržní ekonomiky

Otázka interpretácie kritéria účtovného spravodajstva vyjadrená princípom pravdivého a verného zobrazenia (true and fair view). Podstata a význam kritéria. Zdroje kritéria pravdivého a verného zobrazenia. Hospodárska kríza v tridsiatych rokoch a jej dôsledky v USA. Rozvoj kapitálových investícií. Bi...

Ausführliche Beschreibung

Gespeichert in:
Bibliographische Detailangaben
1. Verfasser: Janout, J.
Format: Buchkapitel
Sprache:Tschechisch
Schlagworte:
Tags: Tag hinzufügen
Keine Tags, Fügen Sie das erste Tag hinzu!

MARC

LEADER 00000naa a2200000 4500
001 r021303
005 20230913080501.4
041 0 |a cze 
044 |a CZ 
245 1 0 |a Kritérium pravdivého a věrného zobrazení v účetnictví tržní ekonomiky  |c J. Janout 
520 |a Otázka interpretácie kritéria účtovného spravodajstva vyjadrená princípom pravdivého a verného zobrazenia (true and fair view). Podstata a význam kritéria. Zdroje kritéria pravdivého a verného zobrazenia. Hospodárska kríza v tridsiatych rokoch a jej dôsledky v USA. Rozvoj kapitálových investícií. Bilančné teórie a užívatelia účtovných informácií. Teória vlastníkov. Teória podniku ako hospodárskej jednotky. Teória koalície. Nový rozmer účtovníctva v Európe s vytváraním jednotného európskeho trhu. 
610 2 0 |a účtovníctvo 
610 2 0 |a hospodárstvo trhové 
610 2 0 |a informácie 
610 2 0 |a teória účtovníctva 
100 1 |a Janout, J.